[Event "IECC KO-3043"]
[Site "IECC email"]
[Date "2006.02.03"]
[Round "?"]
[White "De Schepper, Bart"]
[Black "Matthews, Michael"]
[Result "1/2-1/2"]
[WhiteElo "1717"]
[BlackElo "2065"]
[PlyCount "47"]
[EventDate "2005.??.??"]
[EventType "match (corr)"]
[EventRounds "2"]
[SourceTitle "Corr 2020"]
[Source "ChessBase"]
[SourceDate "2019.09.30"]
[SourceVersion "1"]
[SourceVersionDate "2019.09.30"]
[SourceQuality "1"]
[WhiteTeam "Belgium"]
[BlackTeam "Australia"]
[WhiteTeamCountry "BEL"]
[BlackTeamCountry "AUS"]

1. e4 c5 2. Nc3 e6 3. Nge2 Nf6 4. g3 d5 5. exd5 exd5 6. d4 Nc6 7. Bg2 cxd4 8. Nxd4 Bc5 9. Nb3 Bb4 10. 0-0 Bxc3 11. bxc3 0-0 12. Nd4 Qa5 13. Be3 Bg4 14. Qd3 Ne5 15. Qb5 Qxc3 16. Rab1 b6 17. Rb3 Qc5 18. Qxc5 bxc5 19. Nb5 Rfc8 20. Bf4 Ng6 21. Bg5 Ne4 22. Bxe4 dxe4 23. Nd6 c4 24. Rb7 1/2-1/2

[Event "IECC KO-3043"]
[Site "IECC email"]
[Date "2005.08.01"]
[Round "?"]
[White "De Schepper, Bart"]
[Black "Basson, Heinrich"]
[Result "1-0"]
[WhiteElo "1678"]
[BlackElo "1747"]
[PlyCount "103"]
[EventDate "2005.??.??"]
[EventType "match (corr)"]
[EventRounds "2"]
[SourceTitle "Corr 2008"]
[Source "ChessBase"]
[SourceDate "2008.06.24"]
[SourceVersion "1"]
[SourceVersionDate "2008.06.24"]
[SourceQuality "1"]

1. e4 e5 2. f4 exf4 3. Nf3 g5 4. Bc4 g4 5. 0-0 gxf3 6. Qxf3 Qf6 7. e5 Qxe5 8. Bxf7+ Kxf7 9. d4 Qf5 10. Bxf4 Nf6 11. Qe2 Qe6 12. Be5 Bg7 13. Nc3 Rf8 14. Nd5 Qxd5 15. Bxf6 Bxf6 16. Rxf6+ Kxf6 17. Rf1+ Kg7 18. Qg4+ Kh6 19. Rxf8 Qg5 20. Qxg5+ Kxg5 21. Rxc8 c6 22. Kf2 b5 23. Rf8 a5 24. Kf3 Kg6 25. h4 Kg7 26. Rc8 h6 27. Kf4 b4 28. g4 a4 29. c4 bxc3 30. bxc3 Kf6 31. a3 h5 32. g5+ Kg7 33. c4 c5 34. d5 Kf7 35. Kf5 Kg7 36. g6 Ra6 37. Rxb8 Rf6+ 38. Kg5 Rxg6+ 39. Kxh5 Rh6+ 40. Kg4 Rg6+ 41. Kh3 Rf6 42. Rb7 Rf4 43. Rxd7+ Kg6 44. d6 Rxc4 45. h5+ Kf6 46. Rc7 Rc1 47. Kg2 Rc2+ 48. Kf3 Rc3+ 49. Ke4 Rh3 50. Kd5 Rxh5+ 51. Kc6 Rh8 52. Re7 1-0

[Event "IECG TE.2001.S.00702 email"]
[Site "IECG email"]
[Date "2003.01.27"]
[Round "?"]
[White "De Schepper, Bart"]
[Black "Pleijsier, Hans"]
[Result "1/2-1/2"]
[WhiteElo "1922"]
[BlackElo "900"]
[PlyCount "37"]
[EventDate "2003.01.27"]
[EventType "tourn (corr)"]
[EventRounds "8"]
[SourceTitle "Corr 2008"]
[Source "ChessBase"]
[SourceDate "2008.06.24"]
[SourceVersion "1"]
[SourceVersionDate "2008.06.24"]
[SourceQuality "1"]

1. e4 e5 2. f4 exf4 3. Nf3 g5 4. Bc4 g4 5. 0-0 gxf3 6. Qxf3 Qf6 7. e5 Qxe5 8. Bxf7+ Kxf7 9. d4 Qf5 10. Bxf4 Nf6 11. Qe2 Bg7 12. Be5 Qg6 13. Nc3 d6 14. Bxf6 Bxf6 15. Nd5 Bf5 16. Nxf6 Kxf6 17. Rxf5+ Qxf5 18. Rf1 Qxf1+ 19. Qxf1+ 1/2-1/2

[Event "IECG TE.2001.S.00702 email"]
[Site "IECG email"]
[Date "2003.01.27"]
[Round "?"]
[White "De Schepper, Bart"]
[Black "Stadler, Pavel"]
[Result "1-0"]
[WhiteElo "1922"]
[BlackElo "1678"]
[PlyCount "43"]
[EventDate "2003.01.27"]
[EventType "tourn (corr)"]
[EventRounds "8"]
[SourceTitle "Corr 2008"]
[Source "ChessBase"]
[SourceDate "2008.06.24"]
[SourceVersion "1"]
[SourceVersionDate "2008.06.24"]
[SourceQuality "1"]

1. e4 e5 2. f4 exf4 3. Nf3 g5 4. Bc4 g4 5. 0-0 gxf3 6. Qxf3 Qf6 7. e5 Qxe5 8. Bxf7+ Kxf7 9. d4 Qxd4+ 10. Be3 Qf6 11. Nc3 Ne7 12. Bxf4 Qf5 13. Qe2 Ke8 14. Be5 Qe6 15. Rae1 c6 16. Ne4 d5 17. Nd6+ Kd7 18. Rf6 Qg8 19. Qh5 Bg7 20. Rf7 Na6 21. Bf4 Bf8 22. Qf5+ 1-0

[Event "IECC CL4-2002.30"]
[Site "IECC email"]
[Date "2002.11.02"]
[Round "?"]
[White "Meijer, Wilmar"]
[Black "De Schepper, Bart"]
[Result "1-0"]
[WhiteElo "1768"]
[BlackElo "1648"]
[PlyCount "61"]
[EventDate "2002.??.??"]
[EventType "tourn (corr)"]
[EventRounds "4"]
[SourceTitle "Corr 2008"]
[Source "ChessBase"]
[SourceDate "2008.06.24"]
[SourceVersion "1"]
[SourceVersionDate "2008.06.24"]
[SourceQuality "1"]

1. e4 c5 2. Nf3 d6 3. d4 cxd4 4. Nxd4 Nf6 5. f3 e6 6. c4 Be7 7. Nc3 0-0 8. Be2 Nc6 9. Be3 d5 10. exd5 exd5 11. Nxc6 bxc6 12. cxd5 Nxd5 13. Nxd5 cxd5 14. 0-0 Bf6 15. Bd4 Rb8 16. b3 Re8 17. Rf2 Rb4 18. Bxf6 Qxf6 19. Rc1 Be6 20. Bd3 Rbb8 21. Rc7 Ra8 22. f4 Bf5 23. Bxf5 Qxf5 24. g3 Qe6 25. f5 Qe1+ 26. Qxe1 Rxe1+ 27. Kg2 a6 28. Rd7 Re5 29. f6 g6 30. Rd6 h5 31. Kh3 1-0

[Event "IECC KO email"]
[Site "IECC email"]
[Date "2001.12.21"]
[Round "?"]
[White "De Schepper, Bart"]
[Black "Reuter, Alfred J"]
[Result "0-1"]
[WhiteElo "1613"]
[BlackElo "1793"]
[PlyCount "76"]
[EventDate "2001.??.??"]
[EventType "tourn (corr)"]
[EventRounds "6"]
[SourceTitle "Corr 2008"]
[Source "ChessBase"]
[SourceDate "2008.06.24"]
[SourceVersion "1"]
[SourceVersionDate "2008.06.24"]
[SourceQuality "1"]

1. e4 e5 2. f4 exf4 3. Nf3 g5 4. Bc4 Bg7 5. 0-0 h6 6. d4 Nc6 7. c3 d6 8. Qa4 Bd7 9. Qb3 Na5 10. Bxf7+ Ke7 11. Qa3 Kxf7 12. Qxa5 c5 13. Qa3 cxd4 14. Qb3+ Be6 15. Qxb7+ Ne7 16. g3 dxc3 17. Nxc3 Qa5 18. e5 dxe5 19. Qe4 Rac8 20. Bd2 g4 21. Nh4 Bf6 22. Rf2 Qb6 23. Bxf4 exf4 24. Qxf4 Rcf8 25. Rd1 Ke8 26. Ne4 Bxh4 27. Nd6+ Kd8 28. Nc4+ Nd5 29. Qxf8+ Rxf8 30. Nxb6 Rxf2 31. Nxd5 Bxg3 32. hxg3 Rxb2 33. Nf4+ Bd7 34. Nd3 Rb5 35. Nf4 Kc8 36. Rd2 Bf5 37. Kf2 Ra5 38. Ke3 Ra3+ 0-1

[Event "IECG CB.2001.0.00023 email"]
[Site "IECG email"]
[Date "2001.12.11"]
[Round "?"]
[White "De Schepper, Bart"]
[Black "Ligeti, George"]
[Result "1-0"]
[WhiteElo "1888"]
[BlackElo "1814"]
[PlyCount "31"]
[EventDate "2001.12.11"]
[EventType "tourn (corr)"]
[EventRounds "6"]
[SourceTitle "Corr 2008"]
[Source "ChessBase"]
[SourceDate "2008.06.24"]
[SourceVersion "1"]
[SourceVersionDate "2008.06.24"]
[SourceQuality "1"]

1. e4 e5 2. f4 exf4 3. Nf3 g5 4. Bc4 Qe7 5. d4 Qxe4+ 6. Kf2 Qf5 7. Re1+ Be7 8. Re5 Qf6 9. Nc3 h6 10. Nd5 Qd6 11. Nh4 f6 12. Re4 Kd8 13. Nf5 Qc6 14. Qe2 d6 15. Rxe7 Bxf5 16. Bb5 1-0

[Event "IECG C1.2000.0.00311"]
[Site "IECG email"]
[Date "2000.10.01"]
[Round "?"]
[White "Huerga, Jorge Hugo"]
[Black "De Schepper, Bart"]
[Result "1/2-1/2"]
[WhiteElo "2000"]
[BlackElo "1907"]
[PlyCount "56"]
[EventDate "2000.10.01"]
[EventType "tourn (corr)"]
[EventRounds "5"]
[SourceTitle "Corr 2008"]
[Source "ChessBase"]
[SourceDate "2008.06.24"]
[SourceVersion "1"]
[SourceVersionDate "2008.06.24"]
[SourceQuality "1"]

1. e4 c5 2. Nf3 d6 3. d4 cxd4 4. Nxd4 g6 5. Nc3 Bg7 6. Be3 Nc6 7. Qd2 Bd7 8. 0-0-0 Rc8 9. f3 Qa5 10. Kb1 Nf6 11. Nb3 Qc7 12. h4 h5 13. Bg5 Be6 14. Be2 a6 15. Rhe1 Ne5 16. Nd4 Nc4 17. Bxc4 Bxc4 18. f4 0-0 19. f5 Kh7 20. Nd5 Bxd5 21. exd5 Nxd5 22. fxg6+ fxg6 23. Ne6 Qb6 24. Nxg7 Nc3+ 25. Ka1 Nxd1 26. Qxd1 Kxg7 27. Rxe7+ Rf7 28. Qf1 Rxe7 1/2-1/2

[Event "IECG CP.1999.Q.00016"]
[Site "IECG email"]
[Date "2000.10.01"]
[Round "?"]
[White "Vujadinovic, Milan"]
[Black "De Schepper, Bart"]
[Result "1-0"]
[WhiteElo "2034"]
[BlackElo "1907"]
[PlyCount "45"]
[EventDate "2000.10.01"]
[EventType "tourn (corr)"]
[EventRounds "8"]
[EventCountry "NOR"]
[SourceTitle "Corr 2008"]
[Source "ChessBase"]
[SourceDate "2008.06.24"]
[SourceVersion "1"]
[SourceVersionDate "2008.06.24"]
[SourceQuality "1"]

1. d4 d5 2. c4 dxc4 3. Nf3 e6 4. e3 a6 5. Bxc4 c5 6. Qe2 Nf6 7. 0-0 b5 8. Bb3 Bb7 9. Rd1 Nbd7 10. Nc3 Qc7 11. e4 cxd4 12. Nxd4 b4 13. Nd5 exd5 14. exd5+ Kd8 15. Nc6+ Bxc6 16. dxc6 Qxc6 17. Bg5 Ra7 18. Rac1 Bc5 19. Qc2 Ke7 20. Ba4 Qb6 21. Bxd7 Bxf2+ 22. Kh1 Bd4 23. Qe4+ 1-0

[Event "IECG L1.2000.0.00017 email"]
[Site "IECG email"]
[Date "2000.09.17"]
[Round "?"]
[White "Bilsel, Sabahaddin"]
[Black "De Schepper, Bart"]
[Result "1/2-1/2"]
[WhiteElo "2104"]
[BlackElo "1907"]
[PlyCount "62"]
[EventDate "2000.09.17"]
[EventType "tourn (corr)"]
[EventRounds "14"]
[SourceTitle "Corr 2008"]
[Source "ChessBase"]
[SourceDate "2008.06.24"]
[SourceVersion "1"]
[SourceVersionDate "2008.06.24"]
[SourceQuality "1"]

1. d4 d5 2. c4 dxc4 3. e4 e5 4. Nf3 exd4 5. Bxc4 Bb4+ 6. Nbd2 c5 7. Ne5 Nh6 8. 0-0 0-0 9. Ndf3 Qd6 10. a3 Ba5 11. Bxh6 Qxh6 12. b4 cxb4 13. axb4 Bb6 14. Nxd4 Bc7 15. Ndf3 Nc6 16. Nxc6 Qxc6 17. Bd5 Qg6 18. Qd3 Qb6 19. Qd4 Qxd4 20. Nxd4 Rd8 21. Rfd1 a6 22. Rac1 Bd6 23. Nf5 Bxf5 24. Bxb7 Rab8 25. exf5 Kf8 26. Bxa6 Bxb4 27. g4 Rd6 28. Be2 Rbd8 29. Kg2 Rxd1 30. Bxd1 Ba3 31. Rb1 Rd2 1/2-1/2

[Event "IECG L1.2000.0.00017 email"]
[Site "IECG email"]
[Date "2000.09.17"]
[Round "?"]
[White "De Schepper, Bart"]
[Black "Fabri, Peter"]
[Result "1/2-1/2"]
[WhiteElo "1907"]
[BlackElo "2066"]
[PlyCount "55"]
[EventDate "2000.09.17"]
[EventType "tourn (corr)"]
[EventRounds "14"]
[SourceTitle "Corr 2008"]
[Source "ChessBase"]
[SourceDate "2008.06.24"]
[SourceVersion "1"]
[SourceVersionDate "2008.06.24"]
[SourceQuality "1"]

1. e4 c5 2. c3 d5 3. exd5 Qxd5 4. d4 Nf6 5. Nf3 e6 6. Na3 Qd8 7. Nc4 Nc6 8. Nce5 Nxe5 9. Nxe5 a6 10. Be3 cxd4 11. Bxd4 Qc7 12. Bd3 Bc5 13. Bxc5 Qxe5+ 14. Be3 Nd5 15. Qa4+ Bd7 16. Qd4 Qxd4 17. Bxd4 0-0 18. 0-0-0 Ba4 19. Rd2 Rac8 20. b3 Bc6 21. Kb2 Nf4 22. f3 Rfd8 23. Rhd1 Nxd3+ 24. Rxd3 f6 25. Bb6 Rxd3 26. Rxd3 Kf7 27. a4 e5 28. g3 1/2-1/2

[Event "IECG L1.2000.0.00017 email"]
[Site "IECG email"]
[Date "2000.09.17"]
[Round "?"]
[White "De Schepper, Bart"]
[Black "Madsen, Michael Ole"]
[Result "1/2-1/2"]
[WhiteElo "1907"]
[BlackElo "2000"]
[PlyCount "43"]
[EventDate "2000.09.17"]
[EventType "tourn (corr)"]
[EventRounds "14"]
[SourceTitle "Corr 2008"]
[Source "ChessBase"]
[SourceDate "2008.06.24"]
[SourceVersion "1"]
[SourceVersionDate "2008.06.24"]
[SourceQuality "1"]

1. e4 c5 2. c3 Nf6 3. e5 Nd5 4. d4 d6 5. Nf3 cxd4 6. exd6 Qxd6 7. Nxd4 Nc6 8. Be2 Nxd4 9. Qxd4 e5 10. Bb5+ Bd7 11. Bxd7+ Kxd7 12. Qe4 Rd8 13. 0-0 Kc8 14. Nd2 Qe6 15. Re1 f6 16. a3 g5 17. Nf3 Kb8 18. Nd4 Qd7 19. Nf5 Bc5 20. c4 Ne7 21. Nxe7 Qxe7 22. Be3 1/2-1/2

[Event "IECG L1.2000.0.00017 email"]
[Site "IECG email"]
[Date "2000.09.17"]
[Round "?"]
[White "Newton, Hobart E"]
[Black "De Schepper, Bart"]
[Result "1/2-1/2"]
[WhiteElo "1951"]
[BlackElo "1907"]
[PlyCount "66"]
[EventDate "2000.09.17"]
[EventType "tourn (corr)"]
[EventRounds "14"]
[SourceTitle "Corr 2008"]
[Source "ChessBase"]
[SourceDate "2008.06.24"]
[SourceVersion "1"]
[SourceVersionDate "2008.06.24"]
[SourceQuality "1"]

1. d4 d5 2. c4 dxc4 3. Nf3 a6 4. e3 e6 5. Bxc4 c5 6. 0-0 Nf6 7. Nbd2 Nc6 8. Ne5 Nxe5 9. dxe5 Nd7 10. f4 b5 11. Bd3 Bb7 12. Be4 Qc7 13. Qf3 Rb8 14. Bxb7 Qxb7 15. Ne4 Be7 16. Nd6+ Bxd6 17. exd6 Qxf3 18. gxf3 Nb6 19. Rd1 Kd7 20. e4 f6 21. Kf2 e5 22. Be3 Rbc8 23. fxe5 fxe5 24. b4 Na4 25. bxc5 Nxc5 26. Rd5 Ne6 27. Rxe5 Rc2+ 28. Kg3 Re2 29. Bb6 Rc8 30. Bc7 Nxc7 31. dxc7 Rxc7 32. h4 Rd2 33. h5 Rc6 1/2-1/2

[Event "IECG C1.2000.0.00304"]
[Site "IECG email"]
[Date "2000.08.29"]
[Round "?"]
[White "De Schepper, Bart"]
[Black "Grout, Stephen C"]
[Result "1-0"]
[WhiteElo "1907"]
[BlackElo "1850"]
[PlyCount "75"]
[EventDate "2000.08.29"]
[EventType "tourn (corr)"]
[EventRounds "5"]
[SourceTitle "Corr 2008"]
[Source "ChessBase"]
[SourceDate "2008.06.24"]
[SourceVersion "1"]
[SourceVersionDate "2008.06.24"]
[SourceQuality "1"]

1. e4 c6 2. d4 d5 3. exd5 cxd5 4. Bd3 Nc6 5. c3 Nf6 6. h3 e5 7. dxe5 Nxe5 8. Nf3 Bd6 9. Nxe5 Bxe5 10. 0-0 0-0 11. Be3 b6 12. Re1 Bb7 13. Qa4 Re8 14. Nd2 Qc7 15. Nf3 Bd6 16. Qh4 Be7 17. Bf4 Qc5 18. Bg5 Ne4 19. Bxe7 Rxe7 20. Nd4 Rae8 21. Re3 a6 22. Rae1 h6 23. Nf5 Re6 24. Qf4 Rf6 25. Qg4 Rg6 26. Qe2 Bc8 27. Ng3 Rge6 28. Nxe4 dxe4 29. Bxa6 Bxa6 30. Qxa6 f5 31. Qa4 b5 32. Qd4 Qc6 33. Rd1 f4 34. Ree1 e3 35. Re2 f3 36. Rxe3 Rxe3 37. fxe3 fxg2 38. Qd5+ 1-0

[Event "IECG C1.2000.0.00304"]
[Site "IECG email"]
[Date "2000.08.29"]
[Round "?"]
[White "De Schepper, Bart"]
[Black "Stiepan, Hans Michael"]
[Result "0-1"]
[WhiteElo "1907"]
[BlackElo "1850"]
[PlyCount "86"]
[EventDate "2000.08.29"]
[EventType "tourn (corr)"]
[EventRounds "5"]
[SourceTitle "Corr 2008"]
[Source "ChessBase"]
[SourceDate "2008.06.24"]
[SourceVersion "1"]
[SourceVersionDate "2008.06.24"]
[SourceQuality "1"]

1. e4 e6 2. d4 d5 3. Nc3 Bb4 4. e5 c5 5. a3 Bxc3+ 6. bxc3 Ne7 7. Qg4 Qc7 8. Bd3 c4 9. Be2 Nf5 10. Nf3 Nc6 11. 0-0 Bd7 12. Nh4 Nce7 13. Bg5 Ba4 14. Bxe7 h5 15. Qg5 Qxe7 16. Qxe7+ Nxe7 17. Rab1 b6 18. Rb2 g5 19. Nf3 g4 20. Nh4 Ng6 21. Nxg6 fxg6 22. f3 gxf3 23. Rxf3 Rf8 24. Kf2 Rxf3+ 25. Bxf3 h4 26. h3 Ke7 27. Ke3 Rf8 28. Kd2 g5 29. Rb1 Be8 30. Rf1 Bh5 31. Ke2 Bg6 32. Kd2 Kd7 33. Be2 Rxf1 34. Bxf1 Be4 35. Kc1 Ke7 36. Kd2 Kf7 37. Ke3 Bxc2 38. Be2 Bf5 39. Bd1 b5 40. Kf3 Ke7 41. Ke3 Kd7 42. Bf3 a5 43. Bd1 Be4 0-1

[Event "IECG C1.1999.0.00248"]
[Site "IECG email"]
[Date "1999.12.13"]
[Round "?"]
[White "Lemaire, Claude"]
[Black "De Schepper, Bart"]
[Result "1/2-1/2"]
[WhiteElo "2036"]
[BlackElo "1900"]
[PlyCount "45"]
[EventDate "1999.12.13"]
[EventType "tourn (corr)"]
[EventRounds "6"]
[SourceTitle "Corr 2008"]
[Source "ChessBase"]
[SourceDate "2008.06.24"]
[SourceVersion "1"]
[SourceVersionDate "2008.06.24"]
[SourceQuality "1"]

1. d4 d5 2. c4 e6 3. Nc3 c6 4. Nf3 dxc4 5. a4 Bb4 6. e3 b5 7. Bd2 a5 8. Ne5 Nf6 9. Qf3 Bxc3 10. Bxc3 Qd5 11. axb5 cxb5 12. Rxa5 Rxa5 13. Bxa5 Qxf3 14. gxf3 Bb7 15. b3 Nbd7 16. bxc4 Nxe5 17. dxe5 Nd7 18. cxb5 Nxe5 19. Bg2 Nxf3+ 20. Ke2 Nd4+ 21. Kf1 Nf3 22. Bc3 Ke7 23. Ke2 1/2-1/2

[Event "IECG C1.1999.0.00248"]
[Site "IECG email"]
[Date "1999.12.13"]
[Round "?"]
[White "Steele, Scott"]
[Black "De Schepper, Bart"]
[Result "1-0"]
[WhiteElo "1836"]
[BlackElo "1900"]
[PlyCount "87"]
[EventDate "1999.12.13"]
[EventType "tourn (corr)"]
[EventRounds "6"]
[SourceTitle "Corr 2008"]
[Source "ChessBase"]
[SourceDate "2008.06.24"]
[SourceVersion "1"]
[SourceVersionDate "2008.06.24"]
[SourceQuality "1"]

1. e4 c5 2. Nf3 d6 3. Bb5+ Bd7 4. Bxd7+ Qxd7 5. 0-0 Nf6 6. e5 Nd5 7. d4 cxd4 8. Qxd4 e6 9. c4 Nc6 10. Qe4 Nc7 11. Rd1 d5 12. Qg4 Qe7 13. cxd5 Nxd5 14. Nc3 Qb4 15. Ne4 h5 16. Qh4 Rd8 17. Bd2 Qb6 18. Bg5 Rd7 19. Rab1 Qc7 20. Rbc1 Ndb4 21. Rxd7 Qxd7 22. a3 Nd5 23. Qg3 g6 24. Rd1 Bg7 25. Bf6 0-0 26. Bxg7 Kxg7 27. Nf6 Qe7 28. Nxh5+ Kg8 29. Ng5 Qc5 30. Re1 Qd4 31. Nxe6 Qd2 32. Kf1 Re8 33. Ng5 Rxe5 34. Rxe5 Nxe5 35. Qxe5 Qd1+ 36. Qe1 Qxe1+ 37. Kxe1 gxh5 38. Ke2 Kf8 39. Kf3 Ke7 40. Ne4 b6 41. h4 Ke6 42. Ng3 Nf6 43. Kf4 Nd5+ 44. Kg5 1-0

[Event "IECG CP.1999.P.00025"]
[Site "IECG email"]
[Date "1999.10.01"]
[Round "?"]
[White "Marks, Jim"]
[Black "De Schepper, Bart"]
[Result "0-1"]
[WhiteElo "800"]
[BlackElo "1902"]
[PlyCount "20"]
[EventDate "1999.10.01"]
[EventType "tourn (corr)"]
[EventRounds "6"]
[EventCountry "BEL"]
[SourceTitle "Corr 2008"]
[Source "ChessBase"]
[SourceDate "2008.06.24"]
[SourceVersion "1"]
[SourceVersionDate "2008.06.24"]
[SourceQuality "1"]

1. Nf3 c5 2. d3 Nc6 3. g3 Nf6 4. Bg2 d5 5. 0-0 Bg4 6. c3 e5 7. Nbd2 Be7 8. b3 0-0 9. Bb2 e4 10. dxe4 dxe4 0-1

[Event "IECG C1.1999.0.00232"]
[Site "IECG email"]
[Date "1999.08.31"]
[Round "?"]
[White "De Schepper, Bart"]
[Black "Saint Amour, Philippe"]
[Result "1/2-1/2"]
[WhiteElo "1902"]
[BlackElo "1959"]
[PlyCount "51"]
[EventDate "1999.08.31"]
[EventType "tourn (corr)"]
[EventRounds "6"]
[SourceTitle "Corr 2008"]
[Source "ChessBase"]
[SourceDate "2008.06.24"]
[SourceVersion "1"]
[SourceVersionDate "2008.06.24"]
[SourceQuality "1"]

1. e4 e5 2. f4 exf4 3. Nf3 Nf6 4. e5 Nh5 5. Be2 d6 6. 0-0 g6 7. d4 Nc6 8. c3 Bd7 9. Nbd2 dxe5 10. Nxe5 Nxe5 11. Bxh5 Nc6 12. Bg4 Be7 13. Rxf4 0-0 14. Bxd7 Qxd7 15. Nc4 a6 16. Rf2 b5 17. Ne3 f5 18. Bd2 Rae8 19. a4 Bh4 20. g3 Bg5 21. Qb3+ Qf7 22. Qxf7+ Rxf7 23. axb5 axb5 24. Nd5 Bxd2 25. Rxd2 Kg7 26. Kf2 1/2-1/2